| 000 | 00376nam a22001217a 4500 | ||
|---|---|---|---|
| 999 |
_c3302 _d3302 |
||
| 005 | 20201123133156.0 | ||
| 008 | 201123b ||||| |||| 00| 0 eng d | ||
| 020 | _a83773712417 | ||
| 040 | _cCML | ||
| 245 |
_aManaging Business Risks in the Information Age. _cAndersen A. |
||
| 260 |
_aIndia _bOrient Longman Ltd _c2000 |
||
| 942 |
_2ddc _cBK _e1st Edition _h658 _mAND |
||